000 00424nam a22001697a 4500
005 20180820150816.0
008 160503b xxu||||| |||| 00| 0 eng d
020 _a0-03-032103-4
041 _aeng
082 _b1211
_a658.4012
100 _aFerrell, O.C. AND OTHERS
_91152
245 _aMarketing Strategy
260 _bVikas Publishing house Pvt. Ltd.
_c2003
300 _a469p,
650 _aManagement
_9241
942 _cBK
999 _c489
_d489